000 00632nam a2200229Ia 4500
005 20250326144119.0
008 250326s9999 xx 000 0 und d
020 _a0-13-147094-9
037 _aTextbook
040 _aFMSL
_beng
_cFMSL
041 _aeng
_2eng
084 _aX:516 P7
_qFMSL
100 _aBarney J B
_9749058
245 0 _aGaining and sustaining competitive advantage
_cBarney J B
250 _a3
260 _aNew Jersey
_bNew Jersey, Prentice-Hall
_c2007
300 _a553p
365 _b6087
650 _aCompetitive advantage
_9749059
942 _cTB
_hX:516 P7
999 _c1302413
_d1302413